<?xml version='1.0' encoding='UTF-8'?>
  <record xmlns="http://www.loc.gov/MARC21/slim">
    <leader>00000ctc a22000007i 4500</leader>
    <controlfield tag="001">on1041705559</controlfield>
    <controlfield tag="003">OCoLC</controlfield>
    <controlfield tag="005">20220125080519.0</controlfield>
    <controlfield tag="008">180622k15631756xx            000 0 lat d</controlfield>
    <datafield tag="040" ind1=" " ind2=" ">
      <subfield code="a">QGJ</subfield>
      <subfield code="b">eng</subfield>
      <subfield code="e">rda</subfield>
      <subfield code="e">dcrmmss</subfield>
      <subfield code="c">QGJ</subfield>
      <subfield code="d">OCLCQ</subfield>
      <subfield code="d">OCLCO</subfield>
      <subfield code="d">OCLCQ</subfield>
      <subfield code="d">OCLCO</subfield>
    </datafield>
    <datafield tag="035" ind1=" " ind2=" ">
      <subfield code="a">(OCoLC)1041705559</subfield>
    </datafield>
    <datafield tag="041" ind1="0" ind2=" ">
      <subfield code="a">lat</subfield>
      <subfield code="a">fre</subfield>
    </datafield>
    <datafield tag="245" ind1="0" ind2="0">
      <subfield code="a">Epistolae eruditorum autographae,</subfield>
      <subfield code="f">UBU Hs. 985 (Hs 6 G 22).</subfield>
    </datafield>
    <datafield tag="264" ind1=" " ind2="0">
      <subfield code="a">[Various places of production],</subfield>
      <subfield code="c">1563-1756.</subfield>
    </datafield>
    <datafield tag="300" ind1=" " ind2=" ">
      <subfield code="a">1 box (19 portfolios) ;</subfield>
      <subfield code="c">40 cm</subfield>
    </datafield>
    <datafield tag="336" ind1=" " ind2=" ">
      <subfield code="a">text</subfield>
      <subfield code="b">txt</subfield>
      <subfield code="2">rdacontent</subfield>
    </datafield>
    <datafield tag="337" ind1=" " ind2=" ">
      <subfield code="a">unmediated</subfield>
      <subfield code="b">n</subfield>
      <subfield code="2">rdamedia</subfield>
    </datafield>
    <datafield tag="338" ind1=" " ind2=" ">
      <subfield code="a">sheet</subfield>
      <subfield code="b">nb</subfield>
      <subfield code="2">rdacarrier</subfield>
    </datafield>
    <datafield tag="340" ind1=" " ind2=" ">
      <subfield code="a">Paper</subfield>
    </datafield>
    <datafield tag="524" ind1="8" ind2=" ">
      <subfield code="a">Cite as: Universiteitsbibliotheek Utrecht Hs. 985 (Hs 6 G 22).</subfield>
    </datafield>
    <datafield tag="563" ind1=" " ind2=" ">
      <subfield code="a">Leather binding over pasteboards, kept separately in box.</subfield>
    </datafield>
    <datafield tag="500" ind1=" " ind2=" ">
      <subfield code="a">Titel derived from: P.A. Tiele, Catalogus codicum manu scriptorum Bibliothecae Universitatis Rheno-Trajectinae.</subfield>
    </datafield>
    <datafield tag="500" ind1=" " ind2=" ">
      <subfield code="a">No. 16, a letter by Jacobus Janssonius to Adreas Trevisius, dated 1620, is kept in Hs. 1867 (Hs 6 D 22)</subfield>
    </datafield>
    <datafield tag="500" ind1=" " ind2=" ">
      <subfield code="a">Index available on reading room Special Collections.</subfield>
    </datafield>
    <datafield tag="520" ind1="2" ind2=" ">
      <subfield code="a">Collection of original letters by and to scholars.</subfield>
    </datafield>
    <datafield tag="505" ind1="0" ind2=" ">
      <subfield code="a">1. Nicolaas de Castro to Hubert van Buchell (1 letter, 1563) -- Johannes Drolshagen to Hubert van Buchell (1 letter, 1573) -- 3. Lambert van der Burch to Hubert van Buchell (2 letters, 1576-1577) -- 4. Levinus Botterus, Phil. Zinsc(grefe?), Antonius Trutius and Ch. Billé to Adriaen van der Burch (4 letters 1691-1604) -- 4. H.S. van der Burch to Lambert van der Burch (5 letters, 1593-1602) -- Johannes Wintershoven to Lambert van der Burch (3 letters, 1594-1595) -- 7. Georgius Ramus to Lambert van der Burch (1 letter, 1610) -- 8. Timon van Wou to Lambert van der Burch (1 letter, undated) -- 9. Joa. Steph. de Wit to Arnoldus Buchelius (6 letters, 1604-1616) -- 10. Heinrich Eppen to Arnoldus Buchelius (2 letters, 1620-1632) -- 11. Arnoldus Buchelius to Caspar. Barlaeus (5 letters, 1626-1633) -- 12. Lambertus Barlaeus to his son Jacobus (1 letter, 1577) -- 13. Caspar Barlaeus to his brother Jacobus (1 letter, 1592) -- 14. Caspar Barlaeus to Cornelis van der Myle (1 letter 1631) -- 15. Johann Anton Barvitius to Johannes Matthias Wacker von Wackenfels (2 letters, 1591-1592) -- 17. Ahassuerus Pollio to Adriaen Cool (1 letter, 1629) -- 18. Gisbertus Voetius to Johann Heinrich Hottinger (3 letters, 1640-1653) -- 19a. Isaac Gruterus to Cornelis Booth (1 letter, undated) -- 19b. -- Meinardus Schotanus to Cornelis Booth (1 letter, 1641) -- 20. Gregorio Mayans y Sisca to Janus Andreas Hultman (1 letter, 1756).</subfield>
    </datafield>
    <datafield tag="546" ind1=" " ind2=" ">
      <subfield code="a">Letter by Ch. Billé to Adriaen van der Burch in French.</subfield>
    </datafield>
    <datafield tag="581" ind1=" " ind2=" ">
      <subfield code="a">P.A. Tiele, Catalogus codicum manu scriptorum Bibliothecae Universitatis Rheno-Trajectinae. I. Trajecti ad Rhenum / Hagae Comitis 1887. P. 236.</subfield>
    </datafield>
    <datafield tag="581" ind1=" " ind2=" ">
      <subfield code="a">H. Beckering Vinckers, 'Geuzenliederen van Caspar Barlaeus Sr. En een en ander over de Van Baerles', in: Bijdragen en mededeelingen Gelre 35 (1932), p. 126-150. p. 148-150 (uitg. van brief van Caspar Barlaeus Sr aan Jacobus Barlaeus).</subfield>
    </datafield>
    <datafield tag="581" ind1=" " ind2=" ">
      <subfield code="a">P.M.M. Geurts, 'Kleingoed in drieën', in: Uit bibliotheektuin en informatieveld. Opstellen aangeboden aan D. Grosheide bij zijn afscheid als bibliothecaris van de Rijksuniversiteit te Utrecht. Onder red. van H.F. Hofman, K. van der Horst &amp; A.H.H.M. Mathijsen (Festschrift D. Grosheide). Utrecht 1978, p. 120-138. (= Bibliotheek en documentatie 3). p. 125-126 (uitgave van brief van Lambertus vander Burch aan Hub. Buchelius, 24.10.1577).</subfield>
    </datafield>
    <datafield tag="581" ind1=" " ind2=" ">
      <subfield code="a">A. Hulshof &amp; P.S. Breuning, 'Brieven van Johannes de Wit aan Arend van Buchel en anderen', in: Bijdragen en mededeelingen van het Historisch Genootschap 60 (1939), p. 87-208. p. xxx nr. 17, 21, 25, 28, 34, 41.[Hulshof 1918 MM] p. XVIII-XIX nr. 31, pl. 31 [brief van N. de Castro]</subfield>
    </datafield>
    <datafield tag="581" ind1=" " ind2=" ">
      <subfield code="a">P.O. Kristeller, Iter Italicum. Accedunt alia itinera. A finding list of uncatalogued or incompletely catalogued humanistic manuscripts of the Renaissance in Italian and other libraries IV (alia itinera II): Great Britain to Spain. London etc. 1989. p. 382.</subfield>
    </datafield>
    <datafield tag="581" ind1=" " ind2=" ">
      <subfield code="a">J. Pollmann, Een andere weg naar God. De reformatie van Arnoldus Buchelius (1565-1641). Amsterdam 2000 (ook verschenen als proefschrift UvA: Another road to God, [s.n] 1998, ook verschenen als: Religious choice in the Dutch Republic. The reformation of Arnoldus Buchelius (1565-1641), Manchester 1999). p. 196 nt. 21, 198 nt. 29, 201 nt. 42, 221 nt. 135, 173 nt. 49, 181 nt. 97, 182 nt. 98.</subfield>
    </datafield>
    <datafield tag="655" ind1=" " ind2="7">
      <subfield code="a">Records and correspondence.</subfield>
      <subfield code="2">fast</subfield>
      <subfield code="0">(OCoLC)fst01423917</subfield>
    </datafield>
    <datafield tag="655" ind1=" " ind2="7">
      <subfield code="a">Brieven (vorm)</subfield>
      <subfield code="2">gtt</subfield>
      <subfield code="0">(NL-LeOCL)088142167</subfield>
    </datafield>
    <datafield tag="710" ind1="2" ind2=" ">
      <subfield code="a">Universiteit Utrecht.</subfield>
      <subfield code="b">Bibliotheek.</subfield>
      <subfield code="k">Manuscript</subfield>
      <subfield code="n">(Hs. 985 (Hs 6 G 22nd))</subfield>
    </datafield>
  </record>